Introductory econometrics : (Record no. 5842)
[ view plain ]
| 000 -LEADER | |
|---|---|
| fixed length control field | 00917cam a2200229 a 4500 |
| 001 - CONTROL NUMBER | |
| control field | 12764713 |
| 005 - DATE AND TIME OF LATEST TRANSACTION | |
| control field | 20250519113911.0 |
| 008 - FIXED-LENGTH DATA ELEMENTS--GENERAL INFORMATION | |
| fixed length control field | 020506s2003 at b 001 0 eng |
| 020 ## - INTERNATIONAL STANDARD BOOK NUMBER | |
| International Standard Book Number | 0324113641 |
| 050 00 - LIBRARY OF CONGRESS CALL NUMBER | |
| Classification number | HB139 |
| Item number | .W665 2003 |
| 082 00 - DEWEY DECIMAL CLASSIFICATION NUMBER | |
| Classification number | 330/.01/5195 |
| Edition information | 21 |
| 100 1# - MAIN ENTRY--PERSONAL NAME | |
| Personal name | Wooldridge, Jeffrey M., |
| Dates associated with a name | 1960- |
| 245 10 - TITLE STATEMENT | |
| Title | Introductory econometrics : |
| Remainder of title | a modern approach / |
| Statement of responsibility, etc. | Jeffrey M. Wooldridge. |
| 250 ## - EDITION STATEMENT | |
| Edition statement | 2nd ed. |
| 260 ## - PUBLICATION, DISTRIBUTION, ETC. | |
| Place of publication, distribution, etc. | Australia ; |
| -- | Cincinnati, Ohio : |
| Name of publisher, distributor, etc. | South-Western College Pub., |
| Date of publication, distribution, etc. | c2003. |
| 300 ## - PHYSICAL DESCRIPTION | |
| Extent | xxvii, 863 p. ; |
| Dimensions | 24 cm. |
| 650 #0 - SUBJECT ADDED ENTRY--TOPICAL TERM | |
| Topical term or geographic name entry element | Econometrics. |
| 856 42 - ELECTRONIC LOCATION AND ACCESS | |
| Materials specified | Contributor biographical information |
| Uniform Resource Identifier | <a href="http://www.loc.gov/catdir/enhancements/fy1514/2002070585-b.html">http://www.loc.gov/catdir/enhancements/fy1514/2002070585-b.html</a> |
| 856 42 - ELECTRONIC LOCATION AND ACCESS | |
| Materials specified | Publisher description |
| Uniform Resource Identifier | <a href="http://www.loc.gov/catdir/enhancements/fy1514/2002070585-d.html">http://www.loc.gov/catdir/enhancements/fy1514/2002070585-d.html</a> |
| 856 41 - ELECTRONIC LOCATION AND ACCESS | |
| Materials specified | Table of contents only |
| Uniform Resource Identifier | <a href="http://www.loc.gov/catdir/enhancements/fy1514/2002070585-t.html">http://www.loc.gov/catdir/enhancements/fy1514/2002070585-t.html</a> |
| 942 ## - ADDED ENTRY ELEMENTS (KOHA) | |
| Source of classification or shelving scheme | Library of Congress Classification |
| Koha item type | Books |
| Suppress in OPAC | No |
| 999 ## - | |
| -- | 5842 |
| -- | 5842 |
| Withdrawn status | Lost status | Source of classification or shelving scheme | Damaged status | Not for loan | Collection | Home library | Current library | Shelving location | Date acquired | Total checkouts | Full call number | Barcode | Date last seen | Copy number | Price effective from | Koha item type |
|---|---|---|---|---|---|---|---|---|---|---|---|---|---|---|---|---|
| Library of Congress Classification | Non-fiction | Undergraduate Library (Christ Temple) | Undergraduate Library (Christ Temple) | General stacks | 05/19/2025 | HB139 WOO | ulct00002486 | 05/19/2025 | 1 | 05/19/2025 | Books |